[Event "Las Vegas op 5'"]
[Site "Las Vegas"]
[Date "1995.??.??"]
[Round "6"]
[White "Mariano, Nelson"]
[Black "Browne, Walter S"]
[Result "1/2-1/2"]
[WhiteElo "2510"]
[BlackElo "2560"]

1.e4 c5 2.Nf3 d6 3.d4 cxd4 4.Nxd4 Nf6 5.Nc3 a6 6.Bc4 e6 7.Bb3 b5 8.O-O Be7
9.Qf3 Qc7 10.Qg3 Nc6 11.Nxc6 Qxc6 12.Re1 Bb7 13.Bg5 O-O 14.Bh6 Ne8 15.Rad1 Bf6
16.Bg5 Bxg5 17.Qxg5 Nf6 18.Rd3 h6 19.Qh4 Rfd8 20.Rg3 Kf8 21.a3 Qc5 22.Qf4 Rac8
23.Qd2 a5 24.Rge3 b4 25.Na4 Qb5 26.axb4 axb4 27.Qd4 e5 28.Qb6 Bc6 29.Qxb5 Bxb5
30.Nb6 Rc6 31.Nd5 Nxd5 32.exd5 Rb6 33.f4 exf4 34.Re4 g5 35.Rxb4 Rdb8 36.Ra1 Bd7
37.Rxb6 Rxb6 38.Ra7 Bf5 39.Rc7 Be4 40.Rc4 f5 41.Rc7 Rb4 42.Rd7 Rd4 43.Rxd6 Rd1+
44.Kf2 Rd2+ 45.Ke1 Rxg2 46.Rxh6 f3 47.d6 Re2+ 48.Kd1 Bc6 49.Rf6+ Kg7 50.Rxf5 Kg6
51.Rf8 g4 52.Bc4 Rxh2 53.Bd3+ Kg5 54.Rc8 Bd7 55.Rc7 Be6 56.Re7 Bc8 57.d7 Bxd7
58.Rxd7 g3 59.Rf7 g2 60.Rg7+ Kf4 61.Ke1 Ke3 62.Re7+ Kf4 63.Rg7 g1=Q+ 64.Rxg1 f2+
65.Kf1 fxg1=Q+ 66.Kxg1 Rd2 67.Kf1 Ke3 68.Ke1 Rxd3 69.cxd3 Kxd3  1/2-1/2

[Event "San Francisco"]
[Site "San Francisco"]
[Date "1995.??.??"]
[Round "1"]
[White "Browne, Walter S"]
[Black "Huebner, Robert"]
[Result "1/2-1/2"]
[WhiteElo "2560"]
[BlackElo "2620"]

1.d4 Nf6 2.c4 e6 3.Nf3 b6 4.g3 Ba6 5.Nbd2 d5 6.cxd5 exd5 7.Bg2 Be7 8.Ne5 O-O
9.O-O Bb7 10.b3 c5 11.Bb2 Nc6 12.Nxc6 Bxc6 13.Rc1 Bb7 14.dxc5 Bxc5 15.Nf3 Ne4
16.Ne5 Qe7 17.Nd3 Rac8 18.Nxc5 bxc5 19.e3 Qe6 20.Rc2 Ba6 21.Re1 Rfd8 22.f3 Nd6
23.Rxc5 Rxc5 24.Qd4 Qf6 25.Qxc5 Qxb2 26.Qa5 Re8 27.Qxa6 Qc3 28.Re2 Nf5 29.Qb5 Rd8
30.Kf2 d4 31.Qxf5 d3 32.Re1 g6 33.Qe4 Qd2+ 34.Kf1 Rc8 35.Bh3 Rc2 36.Qe8+ Kg7
37.Qe5+ Kg8 38.Qe8+ Kg7 39.Qe5+  1/2-1/2

[Event "Dallas Pinfork op"]
[Site "Dallas"]
[Date "1996.??.??"]
[Round "?"]
[White "Browne, Walter S"]
[Black "Calogridis, Michael"]
[Result "0-1"]
[WhiteElo "2535"]
[BlackElo "2240"]

1.d4 d5 2.c4 e6 3.Nc3 Nf6 4.cxd5 exd5 5.Bg5 Be7 6.e3 Nbd7 7.Bd3 h6 8.Bf4 c6
9.Nf3 O-O 10.O-O Re8 11.Qc2 Nf8 12.Rab1 Bd6 13.Bxd6 Qxd6 14.b4 Bg4 15.Ne5 Rxe5
16.dxe5 Qxe5 17.e4 Ne6 18.exd5 cxd5 19.Ne2 Bxe2 20.Qxe2 Qg5 21.g3 d4 22.Qf3 Rf8
23.Rfe1 h5 24.h4 Qg4 25.Qxg4 hxg4 26.Bf5 Nc7 27.Rbd1 g6 28.Be4 Rd8 29.Bxb7 Nb5
30.Bc6 Nc3 31.Rd2 d3 32.Re3 Rd6 33.Rdxd3 Nce4 34.Bxe4  0-1

[Event "US-op"]
[Site "Las Vegas"]
[Date "1997.??.??"]
[Round "3"]
[White "Gelman, Charles L"]
[Black "Browne, Walter S"]
[Result "1/2-1/2"]
[WhiteElo "2345"]
[BlackElo "2600"]

1.e4 c5 2.Nc3 d6 3.g3 Nc6 4.Bg2 g6 5.d3 Bg7 6.f4 e6 7.Nf3 Nge7 8.O-O O-O
9.Be3 Nd4 10.e5 Nef5 11.Bf2 Nxf3+ 12.Qxf3 Nd4 13.Qd1 dxe5 14.fxe5 Bxe5 15.Ne4 Qc7
16.c3 Nf5 17.Nxc5 h5 18.d4 Bg7 19.Qd3 Rd8 20.Rad1 e5 21.d5 Nd6 22.h3 Bf5
23.Qe2 b6 24.Na6 Qc4 25.Qxc4 Nxc4 26.b3 Nd6 27.Rfe1 e4 28.Bd4 Bxd4+ 29.Rxd4 Nb5
30.Rc4 Rac8 31.Rxc8 Bxc8 32.c4 Bxa6 33.cxb5 Bxb5 34.Bxe4 Kf8 35.Rc1 Bd7 36.Rc7 Bxh3
37.Rxa7 Re8 38.Bf3 Re3 39.Kf2 Rd3 40.Be4 Rd1 41.Rb7 Rf1+ 42.Ke3 Rf6 43.a4 g5
44.Rc7 h4 45.gxh4 gxh4 46.b4 Bf1 47.Rc6 Rxc6 48.dxc6 Ke7 49.Kf2 Bc4 50.Kg2 Kd6
51.Kh3 Bb3  1/2-1/2

[Event "US-op"]
[Site "Las Vegas"]
[Date "1997.??.??"]
[Round "4"]
[White "Browne, Walter S"]
[Black "Perdomo, Carlos Andres"]
[Result "1/2-1/2"]
[WhiteElo "2600"]
[BlackElo "2380"]

1.d4 Nf6 2.c4 e6 3.Nf3 b6 4.g3 Ba6 5.Nbd2 Bb4 6.Qc2 O-O 7.Bg2 c6 8.O-O d5
9.Ne5 Nfd7 10.Ndf3 Nxe5 11.Nxe5 Bd6 12.b3 Bb7 13.Bf4 Qe7 14.e4 f6 15.Nd3 Bxf4
16.Nxf4 e5 17.Ne2 dxc4 18.dxe5 fxe5 19.Qxc4+ Kh8 20.Rad1 Ba6 21.Qc2 c5 22.Rfe1 Nc6
23.Nc3 Nd4 24.Qb2 Qf7 25.Nd5 Rad8 26.b4 cxb4 27.Rc1 Qh5 28.Kh1 Ne2 29.g4 Qxg4
30.f3 Qg5 31.Rc7 Nf4 32.Nxf4 Qxf4 33.Rxa7 Bc4 34.Qxb4 Qd2 35.Qxd2 Rxd2 36.a4 Re8
37.Rb7 Rb2 38.Rc1 Be2 39.Re7 Rf8 40.Rxe5 h6 41.Rg1 Rc8 42.Rf5 Rcc2 43.Rf8+ Kh7
44.h4 Bf1 45.Rxf1 Rxg2 46.Re1 Rh2+ 47.Kg1 Rbg2+ 48.Kf1 Ra2 49.Kg1 Rag2+ 50.Kf1 Ra2
51.Kg1 Rhg2+ 52.Kh1 Rh2+  1/2-1/2

[Event "US-op"]
[Site "Las Vegas"]
[Date "1997.??.??"]
[Round "5"]
[White "Browne, Walter S"]
[Black "Van Buskirk, Charles"]
[Result "1-0"]
[WhiteElo "2600"]
[BlackElo "2335"]

1.d4 Nf6 2.c4 e6 3.Nf3 d5 4.Nc3 Bb4 5.cxd5 exd5 6.Bg5 Nbd7 7.Qb3 c5 8.a3 Bxc3+
9.Qxc3 c4 10.b3 b5 11.Nd2 O-O 12.e3 a5 13.bxc4 bxc4 14.Be2 Nb6 15.O-O Bf5
16.g4 Na4 17.Qc1 Bd7 18.Bf3 Rc8 19.Bxd5 Bxg4 20.Bg2 h6 21.Bxf6 Qxf6 22.Qc2 Bd7
23.Nf3 c3 24.Ne5 Bb5 25.Rfb1 Nb2 26.a4 Ba6 27.Ra3 Qd6 28.Rxc3 Rxc3 29.Qxc3 Nxa4
30.Qxa5 f6 31.Nc6 Bd3 32.Qxa4 Bxb1 33.Qb3+ Kh8 34.Qxb1 Rc8 35.Qb5 Qa3 36.Be4 Qd6
37.Qf5 g6 38.Qxc8+  1-0

[Event "World op"]
[Site "Philadelphia"]
[Date "1997.??.??"]
[Round "1"]
[White "Crispin, Thomas A"]
[Black "Browne, Walter S"]
[Result "0-1"]
[WhiteElo "2205"]
[BlackElo "2530"]

1.c4 e5 2.Nc3 Nc6 3.g3 g6 4.Bg2 Bg7 5.e3 h5 6.h4 Nh6 7.d3 d6 8.Bd2 O-O 9.Nd5 Ne7
10.Qc2 Nef5 11.Ba5 b6 12.Bd2 Rb8 13.Ne2 Bb7 14.e4 Nd4 15.Nxd4 exd4 16.O-O c6
17.Nf4 Ng4 18.Ne2 d5 19.c5 bxc5 20.Qxc5 Ba6 21.Qa3 Qb6 22.exd5 Qxb2 23.Qxa6 Qxd2
24.Nf4 Be5 25.Rad1 Qb4 26.Nh3 cxd5 27.Bxd5 Rb6 28.Qc4 Qd6 29.Ng5 Bxg3 30.Bxf7+ Kh8
31.Bd5 Bxh4 32.Qxd4+ Qf6 33.Qxf6+ Nxf6 34.Nf3 Bxf2+ 35.Rxf2 Nxd5 36.Re1 Nf4  0-1

[Event "Koltanowski Team Match"]
[Site "San Francisco"]
[Date "1999.02.02"]
[Round "1"]
[White "Browne, Walter S"]
[Black "Young, Angelo"]
[Result "0-1"]
[WhiteElo "2516"]
[BlackElo "2398"]

1.d4 d5 2.c4 c6 3.Nf3 e6 4.e3 Nd7 5.Nc3 f5 6.Bd3 Bd6 7.cxd5 cxd5 8.Nb5 Bb8
9.Bd2 Ne7 10.Bb4 O-O 11.Rc1 a6 12.Nc7 Bxc7 13.Bxe7 Ba5+ 14.b4 Qxe7 15.bxa5 e5
16.dxe5 Nxe5 17.Be2 Qb4+ 18.Kf1 Qd6 19.Nxe5 Qxe5 20.Bf3 Be6 21.Qd4 Qd6 22.g3 f4
23.gxf4 Qd7 24.h4 Rad8 25.h5 h6 26.Rg1 Qb5+ 27.Kg2 Qxa5 28.Kh2 Rd7 29.Rg3 Bf5
30.Rg2 Qd8 31.Rg3 Kh8 32.Rd1 Bh7 33.Bg4 Rd6 34.Bf3 Rd7 35.Kg2 Re8 36.Kg1 Be4
37.Bxe4 Rxe4 38.Qd3 Qe8 39.Rg6 d4 40.exd4 Rd5 41.Qh3 Rxf4 42.Rc1 Rfxd4 43.Rc8 Rd8
44.Rxd8 Qxd8  0-1

[Event "Parsippany m 5'"]
[Site "Parsippany"]
[Date "1999.02.15"]
[Round "4"]
[White "Henley, Ron W"]
[Black "Browne, Walter S"]
[Result "0-1"]
[WhiteElo "2435"]
[BlackElo "2516"]

1.d4 Nf6 2.c4 e6 3.Nc3 Bb4 4.e3 O-O 5.Bd3 d5 6.Ne2 dxc4 7.Bxc4 e5 8.O-O Nc6
9.a3 Bd6 10.d5 Ne7 11.e4 Ng6 12.h3 Nh5 13.Kh2 Nhf4 14.Ng1 Ne7 15.g3 Nfg6
16.h4 h6 17.Bd3 f5 18.h5 Nh8 19.Kg2 a6 20.Nf3 Nf7 21.Nh4 f4 22.Rh1 Ng5 23.g4 f3+
24.Kg3 Rf4 25.Nf5 Bxf5 26.gxf5 Nxf5+ 27.exf5 Rd4 28.Qc2 e4+  0-1

[Event "Frisco Masters"]
[Site "San Francisco USA"]
[Date "2000.04.01"]
[Round "3"]
[White "Browne,W"]
[Black "Baja,V"]
[Result "1-0"]
[WhiteElo "2472"]
[BlackElo "2260"]

1.d4 Nf6 2.c4 g6 3.Nc3 Bg7 4.e4 O-O 5.f3 d6 6.Bg5 c5 7.d5 e6 8.Qd2 exd5 9.cxd5 a6
10.a4 Nbd7 11.Nh3 Re8 12.Nf2 Qa5 13.Be2 b5 14.O-O b4 15.Ncd1 Qc7 16.Rc1 a5
17.b3 Ba6 18.Bxa6 Rxa6 19.Bh6 Nb6 20.Bxg7 Kxg7 21.Ne3 Qe7 22.Rfe1 Ng8 23.e5 dxe5
24.d6 Qe6 25.Ne4 Nd7 26.Nd5 Rxd6 27.Nxd6 Qxd6 28.Red1 e4 29.Qb2+ Qe5 30.Qxe5+ Rxe5
31.f4 Re8 32.Ne3 Ngf6 33.g4 Re7 34.Rd6 Nf8 35.Rxf6 Kxf6 36.Nd5+ Ke6 37.Nxe7 Kxe7
38.Rxc5 Ne6 39.Rxa5 Kd6 40.Kf2 Nc5 41.Rb5 Nxb3 42.Ke3 f5 43.gxf5 gxf5 44.Rxb4 Nc5
45.a5 Nd7 46.Rb5  1-0

[Event "Continental Open"]
[Site "Las Vegas USA"]
[Date "2001.07.29"]
[Round "5"]
[White "Hummel,P"]
[Black "Browne,W"]
[Result "1/2-1/2"]
[WhiteElo "2349"]
[BlackElo "2447"]

1.d4 Nf6 2.c4 e6 3.Nc3 Bb4 4.Qc2 O-O 5.a3 Bxc3+ 6.Qxc3 b6 7.Bg5 Bb7 8.e3 d6
9.f3 Nbd7 10.Bd3 c5 11.Ne2 Rc8 12.Qb3 cxd4 13.exd4 d5 14.O-O h6 15.Bh4 dxc4
16.Bxc4 Bd5 17.Bxd5 exd5 18.Nc3 Rc4 19.Nxd5 Rxd4 20.Nxf6+ Nxf6 21.Rad1 Re8
22.Bf2 Rd2 23.Rxd2 Qxd2 24.Rd1 Qg5 25.Qc4 Qe5 26.Bd4 Qf4 27.Qc1 Qxc1 28.Rxc1 Nd5
29.Kf1 f6 30.g3 Kf7 31.Kf2 Rd8 32.Ke2 Ke6 33.Kd3 Kd6 34.h4 h5 35.Bf2 Re8
36.Rc4 f5 37.Rd4 g6 38.Kd2 b5 39.Rd3 a5 40.b3 Rc8 41.Be3 Ke6 42.Bh6 Rc7 43.Bg5 Ke5
44.Re3+ Kd4 45.Bd8 Rc2+ 46.Kxc2 Kxe3 47.Bxa5 Kxf3 48.Be1 Ke2 49.Bd2 Kf3 50.Be1 Ke2
51.Bd2  1/2-1/2

[Event "National Open"]
[Site "Las Vegas USA"]
[Date "2002.03.09"]
[Round "3"]
[White "Browne,W"]
[Black "Milman,L"]
[Result "1-0"]
[WhiteElo "2450"]
[BlackElo "2199"]

1.d4 d5 2.c4 Bf5 3.cxd5 Bxb1 4.Qa4+ c6 5.dxc6 Nxc6 6.Rxb1 e5 7.Bd2 Qxd4 8.Qxd4 exd4
9.g3 Bb4 10.Bg2 a5 11.Rc1 Nge7 12.Nh3 O-O 13.Nf4 Ra6 14.Nd3 Rb6 15.Rc4 Ra8
16.a3 Bxd2+ 17.Kxd2 a4 18.Bxc6 Nxc6 19.Rhc1 g6 20.R1c2 g5 21.Rc5 Ra5 22.R2c4 Rba6
23.Nb4 Rxc5 24.Rxc5 Ra5 25.Rxa5 Nxa5 26.Kd3 Nb3 27.Nc2 Nc1+ 28.Kd2 Nb3+ 29.Kd3 Nc1+
30.Kc4 Nxe2 31.Nxd4 Nc1 32.Kc3  1-0

[Event "Imre Konig Mem"]
[Site "San Francisco USA"]
[Date "2002.09.08"]
[Round "4"]
[White "Browne,W"]
[Black "Atalik,S"]
[Result "1/2-1/2"]
[WhiteElo "2492"]
[BlackElo "2551"]

1.d4 Nf6 2.c4 e6 3.Nf3 d5 4.Nc3 dxc4 5.e4 Bb4 6.Bg5 c5 7.Bxc4 cxd4 8.Nxd4 Qa5
9.Bd2 O-O 10.Qe2 e5 11.Nc2 Nc6 12.O-O-O Nd4 13.Nxd4 exd4 14.Nd5 Nxd5 15.Bxd5 Be6
16.Bxb4 Qxb4 17.Qd2 Qc5+ 18.Kb1 Bxd5 19.exd5 Qxd5 20.Qxd4  1/2-1/2

[Event "31st World Open"]
[Site "Philadelphia USA"]
[Date "2003.07.05"]
[Round "6"]
[White "Browne,W"]
[Black "Rubenchik,R"]
[Result "0-1"]
[WhiteElo "2480"]
[BlackElo "2307"]

1.d4 Nf6 2.c4 e6 3.Nf3 b6 4.g3 Bb7 5.Bg2 Be7 6.Nc3 Ne4 7.Bd2 Bf6 8.Qc2 Nxd2
9.Qxd2 O-O 10.d5 d6 11.Nd4 Bxd4 12.Qxd4 e5 13.Qd2 Nd7 14.O-O a5 15.f4 exf4
16.gxf4 f5 17.e4 fxe4 18.Nxe4 Nc5 19.Ng5 Qf6 20.f5 Qh6 21.Rf3 Qh4 22.b3 Ne4
23.Nxe4 Qxe4 24.Re1 Qh4 25.Rf4 Qg5 26.h4 Qh6 27.Re7 Rf7 28.Re6 Rf6 29.Qe3 Raf8
30.Qg3 Bc8 31.Be4 Rxe6 32.dxe6 Bxe6 33.Qg5 Qf6 34.Rg4 Qxg5 35.Rxg5 Bd7 36.Bd5+ Kh8
37.Be6 h6 38.Rg3 Bxe6 39.fxe6 Kg8 40.Re3 Re8 41.h5 g5 42.hxg6 Re7 43.Kf2 Kg7
44.Ke2 Kxg6 45.Kd2 Kf5 46.Rf3+ Kxe6 47.Rh3 Rh7 48.Rh5 Kd7 49.a3 Kc6 50.Rh1  0-1

[Event "3rd Konig Memorial"]
[Site "San Francisco USA"]
[Date "2012.09.22"]
[Round "3"]
[White "Bhat,V"]
[Black "Browne,W"]
[Result "1/2-1/2"]
[WhiteElo "2511"]
[BlackElo "2449"]

1.d4 Nf6 2.c4 e6 3.Nc3 Bb4 4.Bg5 h6 5.Bh4 c5 6.d5 d6 7.f3 Qe7 8.e4 Bxc3+
9.bxc3 Nbd7 10.Bd3 Ne5 11.Ne2 Nxd3+ 12.Qxd3 e5 13.Bf2 Nh5 14.h4 O-O 15.Qe3 b6
16.g4 Nf4 17.Nxf4 exf4 18.Qxf4 Ba6 19.Kd2 Bxc4 20.Bg3 Rad8 21.g5 h5 22.Qf5 Qd7
23.Qxd7 Rxd7 24.Rh2 f5 25.gxf6 Rxf6 26.Rf2 Rdf7 27.Ke3 Re7 28.Rd1 Ref7 29.e5 Rg6
30.e6 Rf5 31.Ke4 Rxd5 32.Rxd5 Rxe6+ 33.Re5 dxe5 34.Bxe5 Bd3+ 35.Kd5 Rg6 36.Bb8 a6
37.Bc7 c4 38.a4 Rg1 39.Bxb6 Rh1 40.Bd8 Rd1 41.Kc5 Rb1  1/2-1/2

[Event "1st Auburn Power Open"]
[Site "Auburn USA"]
[Date "2012.11.02"]
[Round "1"]
[White "Haessler,C"]
[Black "Browne,W"]
[Result "0-1"]
[WhiteElo "2164"]
[BlackElo "2453"]

1.c4 e5 2.g3 Nc6 3.Bg2 g6 4.b3 Bg7 5.Bb2 d6 6.e3 f5 7.Ne2 Nf6 8.d4 e4 9.a3 O-O
10.O-O Ne7 11.d5 g5 12.Nbc3 Ng6 13.f3 exf3 14.Bxf3 Qe7 15.Qd2 Ne5 16.Nd4 Nxf3+
17.Rxf3 Ne4 18.Nxe4 Qxe4 19.Raf1 Bd7 20.Qf2 Rae8 21.Nxf5 Rxf5 22.Rxf5 Qxf5
23.Qxf5 Bxf5 24.Bxg7 Bh3 25.Bd4 Bxf1 26.Kxf1 g4 27.Ke2 a6 28.a4 h5 29.b4 Kh7
30.a5 Kg6 31.c5 Kf7 32.Kd3 Ke7 33.Bg7 Kd7 34.e4 c6 35.Kd4 Rg8 36.Bh6 cxd5
37.Kxd5 dxc5 38.bxc5 Rg6 39.Bf4 Rf6 40.e5 Rf5 41.Be3 Ke7 42.Bf4 Rxf4 43.gxf4 h4
44.Ke4 h3  0-1

[Event "1st Auburn Power Open"]
[Site "Auburn USA"]
[Date "2012.11.04"]
[Round "5"]
[White "Browne,W"]
[Black "Raptis,N"]
[Result "1/2-1/2"]
[WhiteElo "2453"]
[BlackElo "2268"]

1.e4 e6 2.d4 d5 3.Nd2 Nf6 4.e5 Nfd7 5.c3 c5 6.Bd3 Nc6 7.Ne2 cxd4 8.cxd4 f6
9.exf6 Nxf6 10.Nf3 Bd6 11.O-O O-O 12.Bf4 Bxf4 13.Nxf4 Ne4 14.Ne2 Rxf3 15.Bxe4 dxe4
16.gxf3 exf3 17.Ng3 Nxd4 18.Qd3 Ne2+  1/2-1/2

[Event "National Open 2014"]
[Site "Las Vegas USA"]
[Date "2014.06.13"]
[Round "1"]
[White "Browne,W"]
[Black "Salman,N"]
[Result "1-0"]
[WhiteElo "2440"]
[BlackElo "2160"]

1.e4 e6 2.d4 d5 3.Nd2 dxe4 4.Nxe4 Nf6 5.Nxf6+ Qxf6 6.Nf3 h6 7.Bd3 Nc6 8.O-O Bd7
9.c3 Bd6 10.Re1 O-O-O 11.b4 g5 12.b5 Ne7 13.Qa4 Kb8 14.Ne5 Bxe5 15.dxe5 Qg7
16.Be3 b6 17.Rad1 Rhf8 18.c4 c5 19.bxc6 Bxc6 20.Qb4 Rd7 21.Bc5 f5 22.a4 Ka8
23.Bd6 Rfd8 24.a5 Nc8 25.c5 Nxd6 26.cxd6 Rb8 27.a6 Rdd8 28.Rc1 Rbc8 29.Bxf5 exf5
30.e6 Bd7 31.Rc7 Rxc7 32.dxc7 Rc8 33.Qc4  1-0

[Event "National Open 2014"]
[Site "Las Vegas USA"]
[Date "2014.06.13"]
[Round "2.8"]
[White "Formanek,E"]
[Black "Browne,W"]
[Result "0-1"]
[WhiteElo "2177"]
[BlackElo "2440"]

1.e4 c5 2.Nf3 Nc6 3.d4 cxd4 4.Nxd4 Nf6 5.Nc3 e5 6.Ndb5 d6 7.a4 a6 8.Na3 Be6
9.Bc4 Rc8 10.Bxe6 fxe6 11.O-O Be7 12.Bg5 O-O 13.Qd3 Nh5 14.Bxe7 Qxe7 15.Ne2 Rcd8
16.c3 d5 17.Rad1 Qh4 18.f3 dxe4 19.Qc4 Rxd1 20.Rxd1 Qg5 21.Qxe4 Nf6 22.Qc4 Qe3+
23.Kh1 e4 24.Qxe6+ Kh8 25.Ng3 Re8 26.Qf5 Ne7 27.Qe5 Ned5 28.Qf5 g6 29.Qh3 Nf4
30.Qh4 exf3 31.Qxf6+ Kg8 32.h3 Qf2  0-1

[Event "National Open 2014"]
[Site "Las Vegas USA"]
[Date "2014.06.14"]
[Round "3.3"]
[White "Browne,W"]
[Black "Gareev,T"]
[Result "0-1"]
[WhiteElo "2440"]
[BlackElo "2636"]

1.e4 e5 2.Nf3 Nc6 3.Bb5 a6 4.Ba4 Nf6 5.d3 Bc5 6.c3 O-O 7.O-O d6 8.Re1 Ba7
9.Bg5 Ne7 10.Bxf6 gxf6 11.Nbd2 f5 12.d4 f6 13.exf5 Nxf5 14.Bc2 Kh8 15.Nf1 Qe7
16.Qd3 Qg7 17.Ng3 Ne7 18.Qc4 c6 19.Qb3 d5 20.Qb4 e4 21.Nd2 f5 22.f3 f4 23.Nh5 Qg5
24.fxe4 c5 25.dxc5 Nc6 26.Qa3 Bh3  0-1

[Event "National Open 2014"]
[Site "Las Vegas USA"]
[Date "2014.06.14"]
[Round "4"]
[White "Yu,C"]
[Black "Browne,W"]
[Result "0-1"]
[WhiteElo "2165"]
[BlackElo "2440"]

1.Nf3 Nf6 2.g3 b6 3.Bg2 Bb7 4.O-O c5 5.c4 g6 6.Nc3 Bg7 7.Rb1 O-O 8.e3 d5
9.Ne5 e6 10.f4 Nc6 11.d4 cxd4 12.exd4 Rc8 13.cxd5 Nxd5 14.Nxd5 exd5 15.Be3 Ne7
16.Qb3 Nf5 17.Bh3 Nxe3 18.Qxe3 Rc2 19.Rfc1 Rxc1+ 20.Rxc1 Re8 21.Qc3 Re7 22.Bf1 g5
23.Rc2 gxf4 24.gxf4 Qd6 25.Qg3 f6 26.Ng4 Kf8 27.Bd3 Qb4 28.Qf2 h5 29.a3 Qb3
30.Bf5 hxg4 31.Bxg4 Qe3  0-1